000 nam a22 7a 4500
999 _c15516
_d15516
008 161102b xxu||||| |||| 00| 0 eng d
020 _a0921217684
050 _aLB 1574 .P54 1991
100 _aPhenix,Jo.
_d1991
245 _aSpelling instruction that makes sense.
_cJo Phenix
260 _aCanada:
_bPembroke,
_c1991.
300 _a103p.
_c23cm
650 _aEnglish language-orthography and spelling.
942 _2lcc
_cBOOKS
_hLB 1574 .P54 1991